000 00482nam a2200181Ia 4500
005 20250326124410.0
008 250326s9999 xx 000 0 und d
037 _aTextbook
040 _aFMSL
_beng
_cFMSL
041 _aeng
_2eng
084 _aX:74 L8
_qFMSL
100 _aPark W R
_9736620
245 0 _aHow to succeed in your own business
_cPark W R
260 _aNY
_bNY, John Wiley
_c1978
300 _a346p
942 _cTB
_hX:74 L8
999 _c1273558
_d1273558